Winaars van het Eurovisiesongfestival - Statistieken

Algemene statistieken
  • Deze quiz is 241 keer genomen
    50 sinds de laatste reset
  • De gemiddelde score is 62 van 69
Antwoordstatistieken
Jaar Land % Correct
1982 Duitsland
100%
2010 Duitsland
100%
1957 Nederland
100%
1959 Nederland
100%
1975 Nederland
100%
2019 Nederland
100%
1969 Spanje | Verenigd Koninkrijk | Nederland | Frankrijk
100%
1974 Zweden
100%
1984 Zweden
100%
1991 Zweden
100%
1999 Zweden
100%
2012 Zweden
100%
2015 Zweden
100%
2023 Zweden
100%
1964 Italië
97%
1990 Italië
97%
2021 Italië
97%
1985 Noorwegen
97%
1995 Noorwegen
97%
2009 Noorwegen
97%
1966 Oostenrijk
97%
2014 Oostenrijk
97%
2025 Oostenrijk
97%
1968 Spanje
97%
1986 België
94%
2006 Finland
94%
1970 Ierland
94%
1980 Ierland
94%
1987 Ierland
94%
1992 Ierland
94%
1993 Ierland
94%
1994 Ierland
94%
1996 Ierland
94%
1967 Verenigd Koninkrijk
94%
1976 Verenigd Koninkrijk
94%
1981 Verenigd Koninkrijk
94%
1997 Verenigd Koninkrijk
94%
1956 Zwitserland
94%
1988 Zwitserland
94%
2024 Zwitserland
94%
1978 Israël
92%
1979 Israël
92%
1998 Israël
92%
2018 Israël
92%
2004 Oekraïne
92%
2016 Oekraïne
92%
2022 Oekraïne
92%
1963 Denemarken
86%
2000 Denemarken
86%
2013 Denemarken
86%
1958 Frankrijk
86%
1960 Frankrijk
86%
1962 Frankrijk
86%
1977 Frankrijk
86%
2005 Griekenland
83%
2017 Portugal
83%
2001 Estland
78%
2002 Letland
78%
1961 Luxemburg
78%
1965 Luxemburg
78%
1972 Luxemburg
78%
1973 Luxemburg
78%
1983 Luxemburg
78%
2008 Rusland
78%
2007 Servië
64%
2011 Azerbeidzjan
58%
2003 Turkije
56%
1989 Joegoslavië
39%
1971 Monaco
31%
Geen overeenkomende quizzen gevonden
Scoreverdeling
Procent van Mensen met Elke Score
Percentiel versus Aantal Correcte Antwoorden
Uw Scoregeschiedenis
U heeft deze quiz nog niet genomen sinds de laatste reset